Online
Catalog

Por las rutas de la historia patria / (Record no. 43139)

MARC details
000 -CABECERA
campo de control de longitud fija 01956nam a2200253 a 4500
001 - NÚMERO DE CONTROL
campo de control 000043650
003 - IDENTIFICADOR DEL NÚMERO DE CONTROL
campo de control DO-SdBNP
005 - FECHA Y HORA DE LA ÚLTIMA TRANSACCIÓN
campo de control 20240108140747.0
007 - CAMPO FIJO DE DESCRIPCIÓN FÍSICA--INFORMACIÓN GENERAL
campo de control de longitud fija ta
008 - DATOS DE LONGITUD FIJA--INFORMACIÓN GENERAL
campo de control de longitud fija 140401s1986 dr a 000 0 spa d
040 ## - FUENTE DE LA CATALOGACIÓN
Centro catalogador/agencia de origen DO-SdBNP
Lengua de catalogación spa
Centro/agencia transcriptor BNPHU
Normas de descripción rda
082 #4 - NÚMERO DE LA CLASIFICACIÓN DECIMAL DEWEY
Número de edición 22
Número de documento/Ítem E77p
100 1# - ENTRADA PRINCIPAL--NOMBRE DE PERSONA
Nombre de persona Espinal, Fulgencio
9 (RLIN) 8374
Término indicativo de función/relación autor
245 10 - MENCIÓN DE TÍTULO
Título Por las rutas de la historia patria /
Mención de responsabilidad, etc. Fulgencio Espinal.
264 ## - PRODUCCIÓN, PUBLICACIÓN, DISTRIBUCIÓN, FABRICACIÓN Y COPYRIGHT
Producción, publicación, distribución, fabricación y copyright Santo Domingo :
Nombre del de productor, editor, distribuidor, fabricante Alfa y Omega,
Fecha de producción, publicación, distribución, fabricación o copyright 1986.
300 ## - DESCRIPCIÓN FÍSICA
Extensión 344 páginas :
Otras características físicas Ilustraciones ;
Dimensiones 21 cm.
336 ## - TIPO DE CONTENIDO
Fuente rdacontent
Término de tipo de contenido texto
Código de tipo de contenido txt
337 ## - TIPO DE MEDIO
Fuente rdamedia
Nombre/término del tipo de medio sin mediación
Código del tipo de medio n
338 ## - TIPO DE SOPORTE
Fuente rdacarrier
Nombre/término del tipo de soporte volumen
Código del tipo de soporte nc
500 ## - NOTA GENERAL
Nota general Incluye datos biográficos del autor en la solapa de la contracubierta.
505 ## - NOTA DE CONTENIDO CON FORMATO
Nota de contenido con formato Sistema electoral y elecciones libres en la República Dominicana.
Título El Padre Billini y la actual filosofía de la Lotería nacional.-- La Independencia Dominicana y la solidaridad antillana en la búsqueda de la libertad.--Capotillo, fragua de la llama inaplacable de la Restauración.-- La ideología de Duarte y su vigencia en la actual coyuntura que vive la República Dominicana.-- Nosotros y el resto de la historia II (la crisis no es generada, es heredada. Nosotros y el reto de la historia III (paralelismo histórico.--
-- Nosotros y el reto de la historia IV (nuestra postura actual.-- José Martí, hombre universal.-- Antecedentes y consecuencias del tiranicidio del 30 de Mayo.-- 5 de julio hacia la convergencia perredeísta para detener la desarticulación provocada por la lucha grupal.-- Antecedentes del 24 de abril.--La separación y la permanente defensa de la soberanía en Duarte.-- Gobiernos de Espallat y Jorge Blanco paralelismo histórico.--
-- Sobre la magia de los juegos y la historia de la Lotería Martí en Montecristi.-- Perfil revolucionario de Virgilio Mainardi Reyna.-- Sabaneta y Santiago Rodríguez pueblo y hombres ejemplares.--
590 ## - NOTA LOCAL (RLIN)
Nota local Inventariado, 2024 / MF
942 ## - ELEMENTOS DE PUNTO DE ACCESO ADICIONAL (KOHA)
Fuente del sistema de clasificación o colocación Dewey Decimal Classification
Tipo de ítem Koha Libro
Holdings
Estado de retiro Estado de pérdida Fuente del sistema de clasificación o colocación Restricciones de uso No para préstamo Código de colección Localización permanente Ubicación/localización actual Ubicación en estantería Fecha de adquisición Fuente de adquisición Signatura topográfica completa Código de barras Fecha visto por última vez Precio válido a partir de Tipo de ítem Koha Nota pública Total de préstamos Número de copia
    Dewey Decimal Classification Excluido de préstamo   Patrimonio Dominicano Biblioteca Nacional Pedro Henríquez Ureña Biblioteca Nacional Pedro Henríquez Ureña En catalogación 16.12.2021 Donado por Colegio Nuestra Señora de la Lourdes E77p 43650-10 25.06.2020 25.06.2020 Libro Ejemplar autografiado por el autor    
    Dewey Decimal Classification Excluido de préstamo   Patrimonio Dominicano Biblioteca Nacional Pedro Henríquez Ureña Biblioteca Nacional Pedro Henríquez Ureña En catalogación 15.02.2014 Donado por Manuel Ortíz E77p 2023-0961 15.02.2023 15.02.2023 Libro Ejemplar autografiado por el autor   e.2
    Dewey Decimal Classification Préstamo en sala   Dominicana de Servicio Biblioteca Nacional Pedro Henríquez Ureña Biblioteca Nacional Pedro Henríquez Ureña En catalogación 08.01.2024 Donado por FUNDI E77p 2024-0103 08.01.2024 08.01.2024 Libro Ejemplar autografiado por el autor   e.3

Powered by Koha